000
00340nam a22001457a 4500
008
221020b ||||| |||| 00| 0 eng d
020
_a
9780803669451
041
_a
eng
080
_2
SIXTEENTH EDITION
_a
61.73
082
_a
610.73 VALL
100
_a
7
101
_a
INF
245
_a
DRUG GUIDE FOR NURSES
_c
VALLERAND H
942
_2
udc
_c
BK
999
_c
58635
_d
58635